000 00377 a2200145 4500
999 _c2882
_d2882
020 _a0074621904
050 _aHD 31 KHA 1995
100 _aKhandwalla, Pradip N
245 _aManagement styles /
_cPradip N Khandwalla
264 _aNew Dehli
_bTata McGraw- Hill
_c1995
300 _aviii,210p.
500 _aInclude index
650 _aManagement
942 _2lcc
_cBK
_h31
_iKHA
_kHD